| 000 | 01370nam0a2200313 4500 | ||
|---|---|---|---|
| 001 | RU\NLR\bibl\160179 | ||
| 005 | 20250618053318.0 | ||
| 010 |
_a5-8268-0184-0 _9100 |
||
| 021 |
_aRU _b98-44731 _92145 |
||
| 035 | _a(NLR Aleph) 000157124 | ||
| 090 |
_a903097 _c903097 |
||
| 100 | _a20010604d1997 |||y0rusy50 ca | ||
| 101 | 0 | _arus | |
| 102 | _aRU | ||
| 105 | _aa ||||||||| | ||
| 200 | 1 |
_aГенералитет русской армии в годы первой мировой войны (1914-1918 гг.) _eУчеб. пособие для студентов к спецкурсу _fГ. А. Порхунов _gМ-во общ. и проф. образования Рос. Федерации, Ом. гос. пед. ун-т |
|
| 210 |
_aОмск _cОмГПУ _d1997 |
||
| 215 |
_a[1], 101 с. _cил. _d20 |
||
| 320 | _aБиблиогр.: с. 87 | ||
| 606 | 1 |
_aПолководцы русские _jУчебные издания для высших учебных заведений _z1914 - 1918 _92209947 _3RU\NLR\AUTH\661327588 |
|
| 686 | 1 | _aЦ4,8(2)243.1я73-1 | |
| 700 | 1 |
_4070 _7ca _8rus _aПорхунов _bГ. А. _f1939- _gГеоргий Арсентьевич _9263994 _3RU\NLR\AUTH\770264050 |
|
| 801 | 0 |
_aRU _bNLR _c20010604 _gPSBO |
|
| 801 | 1 |
_aRU _bNLR _c20010604 |
|
| 852 |
_aNLR _j2000-3/17788 |
||
| 942 | _cBOOK | ||
| 980 | _aNB | ||